000 01808nab a2200253 i 4500
001 768714001
003 CO-MdFUSB
005 20240624080705.0
008 240624t1994 us ||||| |||| 00| 0 eng d
040 _bspa
_cCO-MdFUSB
_dCO-MdFUSB
041 _aeng
100 _aLevison, John R.,
_eautor
245 _aTowar an ecumenical Christology for Asia
_c/ John R. Levison and Priscilla Pope-Levison
520 _aLos teólogos asiáticos reconocen que la teología asiática debe abordar dos cuestiones urgentes: la pobreza y la religiosidad. La mayoría de las cristologías asiáticas tienden a abordar una excluyendo la otra: el Cristo Cósmico abraza la religiosidad: Jesucristo Libertador confronta la pobreza: Jesús como dolor-amor de Dios consuela al que sufre. Las cristologías de MM Thomas y Aloysius Pieris, por el contrario, abordan tanto la pobreza como la religiosidad en Asia. En ambas cristologías la presencia de Cristo se extiende a la lucha de Asia por una nueva sociedad que tiene lugar más allá de los límites de la iglesia. Esta similitud no se debe, sin embargo, a puntos de partida cristológicos idénticos: Pieris comienza con el Jesús histórico de los evangelios sinópticos y Tomás con el Cristo Cósmico de Colosenses 1:15-20. Más bien, se debe al intento de ambos teólogos de abordar la pobreza y la religiosidad asiáticas.
546 _aTexto en inglés.
650 7 _aCristología
_9239
650 0 _aCristianismo y otras religiones
_91247
650 7 _aIglesia
_9655
650 7 _aPobreza
_92466
700 _aPope-Levison, Priscilla,
_d1958-
_eautor
773 0 _049486
_961125
_d Pasadena
_oR0889
_tMissiology:
_w(CO-MdFUSB)97
_gVolumen 22, (número 1, 1994) páginas: 3 - 18
_qpágina: 3
942 _cANA
945 _aCatherine Arias Álvarez - Practicante SENA
999 _c70339
_d70339